000 00381nam a2200145Ia 4500
008 230917s9999||||xx |||||||||||||| ||und||
040 _e240565
_aMAIN
041 _aEnglish
082 _a361.430954 H761R
100 _aHooda, Surjeet
245 0 _aRole of self help groups in economic empowerment of women in rural Haryana
260 _c2016
300 _a221 p.
942 _cTH
999 _c127107
_d127107